| 000 | 00406nam a2200181Ia 4500 | ||
|---|---|---|---|
| 001 | 398 | ||
| 005 | 20260306140515.0 | ||
| 008 | 260306t1958||||xx |||||||||||||| ||spa|| | ||
| 041 | _aESP | ||
| 082 |
_a110 _bJ69 |
||
| 100 |
_aJolivet, Régis _eAUT |
||
| 245 | 0 | _aL homme métaphysique | |
| 260 | _c1958 | ||
| 300 |
_a122 páginas : _c20 cm. |
||
| 650 | _aGEN | ||
| 654 | _aCHU | ||
| 942 |
_cLIB _dJUS _fJUS _2ddc _n |
||
| 999 |
_c398 _d398 |
||